000 00264nam a2200109Ia 4500
008 200302s9999 xx 000 0 und d
100 _aWalter Herdeg
245 _aFilm & Tv GraPhics 2
260 _bThe Graphis Press, 8000 Zurich
260 _c1976
300 _a211 P.,
999 _c442
_d442